000 00517nam a2200145Ia 4500
008 170221s9999 xx 000 0 und d
100 _aZainol Bidin
245 _aAttitude Determinants in Proposed Goods and Services Tax among Manufacturing Companies in Malaysia
245 _cZainol Bidin, Munusamy Marimuthu
260 _bInternational Review of Management and Marketing
260 _cAugust 2015
300 _a4:3
650 _xMarketing.
856 _uhttp://www.econjournals.com/index.php/irmm/issue/view/97
999 _c310027
_d310027